Science Quiz

Random Science or Elements Quiz
Score 0/17 Timer 04:00
0 Plays Today
% Correct
Up
97.5%
Down
97%
Strange
93.9%
Charm
92.9%
Electron
92.9%
Top
90.9%
Bottom
90.9%
Muon
83.8%
Tauon
82.3%
% Correct
Gluon
80.3%
W-
78.8%
Electron Neutrino
76.8%
Tauon Neutrino
76.3%
Photon
75.8%
Muon Neutrino
74.2%
W+
63.6%
Z0
50%

You're not logged in!

Compare scores with friends on all Sporcle quizzes.
OR
Log In

Sporcle TV

Today on Sporcle TV


Watch our educational content, quiz creation guides, and fun videos on Sporcle TV.

Show Comments

Extras

Top Quizzes Today


Score Distribution

Paid Content

Your Account Isn't Verified!

In order to create a playlist on Sporcle, you need to verify the email address you used during registration. Go to your Sporcle Settings to finish the process.

Report this User

Report this user for behavior that violates our Community Guidelines.

Details: